LIBRARY & INFORMATION CENTRE, KCAET, TAVANUR

ONLINE PUBLIC ACCESS CATALOGUE (OPAC)

Economics of farm production and management / (Record no. 3061)

MARC details
000 -LEADER
fixed length control field 00470cam a2200181ua 4500
041 ## - LANGUAGE CODE
Language code of text/sound track or separate title eng
082 ## - DEWEY DECIMAL CLASSIFICATION NUMBER
Classification number 631.5841
Item number RAJ/EC
100 ## - MAIN ENTRY--AUTHOR NAME
Personal name Raju, V T .
245 ## - TITLE STATEMENT
Title Economics of farm production and management /
260 ## - PUBLICATION, DISTRIBUTION, ETC. (IMPRINT)
Place of publication New Delhi :
Name of publisher Oxford & IBH Publishing company ,
Year of publication 1993.
300 ## - PHYSICAL DESCRIPTION
Number of Pages 205 ; .
942 ## - ADDED ENTRY ELEMENTS (KOHA)
Koha item type Books
Holdings
Withdrawn status Lost status Damaged status Home library Current library Date acquired Full call number Accession Number Koha item type
      KAUAET KAUAET 07/04/2012 631.5841 19105 Books
      KAUAET KAUAET 07/04/2012 631.5841 19103 Books
      KAUAET KAUAET 07/04/2012 631.5841 19104 Books
      KAUAET KAUAET 07/04/2012 631.5841 19343 Books
free website counter